| 000 | 00639nam a2200193Ia 4500 | ||
|---|---|---|---|
| 003 | IN-BaIIA | ||
| 008 | 211028s9999 xx 000 0 eng d | ||
| 020 | _a0-471-50537-4 | ||
| 040 | _cIIA Library | ||
| 080 |
_a621-314.222 _bMOH |
||
| 100 |
_aMohan, Ned _917431 |
||
| 245 | 0 |
_aPower electronics _bconverters, applications and design _cNed Mohan, Tore M. Undeland and William P. Robbins |
|
| 260 |
_aNew York _bJohn Wiley & Sons _c1989 |
||
| 300 | _axviii, 667p. | ||
| 650 | _aNASA thesaurus | ||
| 700 |
_aRobbins, William P. _917432 |
||
| 700 |
_aUndeland, Tore M. _917433 |
||
| 942 | _cBK | ||
| 999 |
_c10252 _d10252 |
||